000 00229nam a2200121Ia 4500
100 _a#N/A
650 _aComputer/ IT
942 _cBK
654 _adigit sept 2009
245 _adigit DVD1
260 _b#N/A
546 _aENGLISH
999 _c31292
_d31292